[Event "41. Offene Stadtmeisterschaft"]
[Site "Bergisch Gladbach"]
[Date "2019.09.20"]
[Round "4.10"]
[White "Bosbach, Volker"]
[Black "Bosbach, Manfred"]
[Result "1-0"]
[WhiteElo "1669"]
[BlackElo "1718"]
[PlyCount "181"]
[EventDate "2020.??.??"]
[EventRounds "7"]

1. Nf3 b6 2. d4 Bb7 3. Bf4 Nf6 4. h3 e6 5. e3 d6 6. c4 Nbd7 7. Nc3 c5 8. Be2
Be7 9. O-O a6 10. Qc2 Qc7 11. Rad1 Rc8 12. Nd2 e5 13. dxe5 Nxe5 14. Nde4 Nxe4
15. Nxe4 O-O 16. Rd2 f5 17. Nc3 Rf6 18. Rfd1 Rg6 19. Nd5 Bxd5 20. Rxd5 Rf8 21.
Bxe5 dxe5 22. Rd7 Qc6 23. R1d5 Qf6 24. Qc3 Qg5 25. Bf1 e4 26. Qe5 Bf6 27. Qe6+
Kh8 28. Rxf5 Qh4 29. Rf4 Qh6 30. Qxe4 Qxh3 31. Rd5 Qc8 32. Rh5 Qe8 33. Qd5 h6
34. Re4 Qf7 35. Qxf7 Rxf7 36. Re8+ Kh7 37. Bd3 Bxb2 38. Rd5 Bf6 39. Rd6 h5 40.
Rxb6 Kh6 41. Bxg6 Kxg6 42. Rxa6 Rd7 43. Re5 Kf7 44. Rxc5 Rd1+ 45. Kh2 Rd2 46.
Kg3 h4+ 47. Kf3 Rd7 48. Rd5 Rb7 49. c5 Rb4 50. c6 Rc4 51. Ra7+ Ke6 52. Rda5 g5
53. e4 Be5 54. Ra4 Rc3+ 55. Kg4 Bf4 56. c7 Bxc7 57. Rxc7 Rxc7 58. f3 Rc5 59.
Rd4 Rc2 60. Kxg5 Rxa2 61. f4 Rxg2+ 62. Kxh4 Rg1 63. Ra4 Kf6 64. Ra5 Re1 65. Re5
Rg1 66. Rf5+ Ke6 67. Rg5 Re1 68. Re5+ Kf6 69. Kg3 Rf1 70. Rf5+ Ke7 71. Kg2 Ra1
72. Rg5 Ra4 73. Kf3 Ra3+ 74. Kg4 Re3 75. e5 Re1 76. Rg6 Kf7 77. Kf5 Rf1 78. Rb6
Ke7 79. Rb7+ Kf8 80. Kg5 Rf2 81. f5 Rh2 82. Kg6 Ra2 83. Rb8+ Ke7 84. f6+ Ke6
85. Re8+ Kd7 86. Re7+ Kd8 87. e6 Rh2 88. Rd7+ Kc8 89. f7 Rg2+ 90. Kf6 Rf2+ 91.
Ke7 1-0

[Event "41. Offene Stadtmeisterschaft"]
[Site "Bergisch Gladbach"]
[Date "2019.09.20"]
[Round "4.11"]
[White "König, Linus"]
[Black "Schüers, Christian"]
[Result "1/2-1/2"]
[WhiteElo "1706"]
[BlackElo "1482"]
[PlyCount "54"]
[EventDate "2020.??.??"]
[EventRounds "7"]

1. d4 d5 2. Nf3 Nf6 3. e3 g6 4. Be2 Bg7 5. O-O O-O 6. b3 Nbd7 7. Nbd2 Re8 8.
Bb2 c6 9. c4 e6 10. Qc2 dxc4 11. Nxc4 Nb6 12. Nce5 Nbd7 13. Rfd1 Qc7 14. b4 a6
15. a4 Nxe5 16. Nxe5 Bd7 17. b5 axb5 18. axb5 Rxa1 19. Rxa1 Rc8 20. bxc6 Bxc6
21. Rc1 Nd5 22. Nxc6 Qxc6 23. Qb3 Qd7 24. Rxc8+ Qxc8 25. Bf3 Bf8 26. Bxd5 exd5
27. h3 Qc6 1/2-1/2

[Event "41. Offene Stadtmeisterschaft"]
[Site "Bergisch Gladbach"]
[Date "2019.09.20"]
[Round "4.12"]
[White "Fey, Helmut"]
[Black "Rohleder, Traugott"]
[Result "0-1"]
[WhiteElo "1399"]
[BlackElo "1655"]
[PlyCount "76"]
[EventDate "2020.??.??"]
[EventRounds "7"]

1. e4 c5 2. Nf3 Nc6 3. d4 cxd4 4. Nxd4 Nf6 5. Nc3 d6 6. Bc4 g6 7. Bb3 Bg7 8.
Be3 O-O 9. Qd2 Ng4 10. O-O-O Nxe3 11. Qxe3 Nxd4 12. Rxd4 Bxd4 13. Qxd4 Be6 14.
Nd5 Bxd5 15. Qxd5 Qb6 16. Qd2 Rac8 17. f4 Kg7 18. g4 a5 19. c3 Qc5 20. Rd1 b5
21. Kb1 Rc7 22. Qd4+ Qxd4 23. Rxd4 Rfc8 24. a4 Rb8 25. Rd2 bxa4 26. Bxa4 Rxc3
27. Ka2 Rh3 28. e5 dxe5 29. fxe5 Rb4 30. Bd7 e6 31. g5 Re3 32. Bxe6 fxe6 33.
Rd7+ Kf8 34. Rxh7 Rxe5 35. h4 Re2 36. Rd7 Rbxb2+ 37. Ka3 Rbd2 38. Rb7 Ra2+ 0-1

[Event "41. Offene Stadtmeisterschaft"]
[Site "Bergisch Gladbach"]
[Date "2019.09.20"]
[Round "4.13"]
[White "Nölle, Lisa"]
[Black "Paul, Andre David"]
[Result "0-1"]
[WhiteElo "1274"]
[BlackElo "1620"]
[PlyCount "88"]
[EventDate "2020.??.??"]
[EventRounds "7"]

1. d4 d5 2. Bf4 e6 3. c3 Bd6 4. Bg3 b6 5. e3 Nf6 6. Nd2 Bb7 7. Ngf3 O-O 8. Bh4
Nbd7 9. Be2 a6 10. Qc2 c5 11. O-O Qc7 12. Bg3 Rfe8 13. Bxd6 Qxd6 14. Rae1 e5
15. dxe5 Nxe5 16. Nxe5 Rxe5 17. Nf3 Rh5 18. h3 Bc8 19. Nh2 Bf5 20. Qd2 Rh6 21.
Bf3 Bxh3 22. e4 Re8 23. e5 Rxe5 24. Rxe5 Qxe5 25. Qxh6 gxh6 26. gxh3 Ne4 27.
Re1 f5 28. Nf1 Qf4 29. Kg2 Kg7 30. Ng3 Qg5 31. Kh2 Kf8 32. Rg1 Qf4 33. Kg2 Nxg3
34. fxg3 Qd2+ 35. Kh1 Qxb2 36. Bxd5 Qxc3 37. Rf1 Qd3 38. Bg2 Kg7 39. Kh2 c4 40.
Re1 Kf7 41. g4 fxg4 42. hxg4 c3 43. Re4 c2 44. Rf4+ Kg7 0-1

[Event "41. Offene Stadtmeisterschaft"]
[Site "Bergisch Gladbach"]
[Date "2019.09.20"]
[Round "4.15"]
[White "Friske, Hans"]
[Black "Nölle, Nathalie"]
[Result "0-1"]
[WhiteElo "1509"]
[BlackElo "1297"]
[PlyCount "56"]
[EventDate "2020.??.??"]
[EventRounds "7"]

1. e4 d6 2. d4 Nf6 3. Bd3 Nbd7 4. c4 e5 5. d5 Be7 6. Nc3 c6 7. Nge2 h6 8. O-O
Nc5 9. Bc2 Bg4 10. b4 Ncd7 11. Qd3 g5 12. Be3 Nf8 13. f3 Bd7 14. b5 c5 15. a4
g4 16. f4 Ng6 17. f5 Nh4 18. Bf2 Nh5 19. Ng3 Nf4 20. Qd2 Nfxg2 21. Bd1 Bg5 22.
Qb2 Be3 23. Bxg4 Qg5 24. Qe2 Bxf2+ 25. Rxf2 Nf4 26. Qd1 Rg8 27. h3 h5 28. Nxh5
Nxh3+ 0-1

[Event "41. Offene Stadtmeisterschaft"]
[Site "Bergisch Gladbach"]
[Date "2019.09.20"]
[Round "4.16"]
[White "Nölle, Michael"]
[Black "Bernecker, Jan Magnus"]
[Result "1-0"]
[WhiteElo "1496"]
[BlackElo "1188"]
[PlyCount "93"]
[EventDate "2020.??.??"]
[EventRounds "7"]

1. d4 d5 2. Bf4 Bf5 3. e3 a6 4. Nf3 Nf6 5. Nbd2 Nc6 6. c3 e6 7. h3 Bd6 8. Bxd6
Qxd6 9. Qa4 O-O 10. Nh4 Ne7 11. c4 Ne4 12. c5 Qd8 13. Ndf3 c6 14. g4 Bg6 15.
Ne5 Rb8 16. Bg2 Ng5 17. f4 Ne4 18. Nhxg6 Nxg6 19. Bxe4 dxe4 20. Qc2 Qd5 21. Nc4
f5 22. Nb6 Qd8 23. Qb3 Qe7 24. Ke2 Kh8 25. g5 Nh4 26. Nc4 Nf3 27. Nd2 Nxd2 28.
Kxd2 Qd7 29. h4 Qe8 30. h5 g6 31. h6 Qd7 32. Ke2 Qd5 33. Qc2 Rf7 34. b3 Ra8 35.
Rhb1 Rff8 36. Qc4 Rfb8 37. a4 a5 38. Qc3 Kg8 39. b4 axb4 40. Rxb4 Ra7 41. a5
Qd8 42. Rb6 Qc7 43. Qc4 Qc8 44. Qb4 Qc7 45. Rb1 Kf8 46. a6 Rxa6 47. Rxa6 1-0

[Event "41. Offene Stadtmeisterschaft"]
[Site "Bergisch Gladbach"]
[Date "2019.09.20"]
[Round "4.17"]
[White "Wilde, Christian"]
[Black "Schneider, Erich"]
[Result "1-0"]
[WhiteElo "1177"]
[BlackElo "1135"]
[PlyCount "73"]
[EventDate "2020.??.??"]
[EventRounds "7"]

1. d4 Nf6 2. c4 e6 3. Nc3 Bb4 4. Bd2 Bxc3 5. Bxc3 O-O 6. Nf3 d6 7. e3 b6 8. Be2
Bb7 9. d5 exd5 10. Bxf6 Qxf6 11. Qd4 Qxd4 12. Nxd4 dxc4 13. Bxc4 Bxg2 14. Rg1
Be4 15. O-O-O a6 16. Bd3 Bd5 17. Nf5 Bf3 18. Rxg7+ Kh8 19. Rdg1 Nc6 20. Nh6 f5
21. Bxf5 Rxf5 22. Nxf5 Bd5 23. Ne7 Nxe7 24. Rxe7 c6 25. a3 a5 26. Rd7 b5 27.
Rxd6 b4 28. Rd7 Re8 29. Rgg7 Be4 30. Rge7 Rxe7 31. Rxe7 Bg6 32. axb4 axb4 33.
e4 Kg8 34. Rc7 Bxe4 35. f4 h5 36. h4 Kf8 37. Kd2 1-0

[Event "41. Offene Stadtmeisterschaft"]
[Site "Bergisch Gladbach"]
[Date "2019.09.20"]
[Round "4.19"]
[White "Barek, Gabriel"]
[Black "Blüggel, Theodor"]
[Result "1-0"]
[WhiteElo "948"]
[BlackElo "926"]
[PlyCount "71"]
[EventDate "2020.??.??"]
[EventRounds "7"]

1. e4 e5 2. f4 Nc6 3. fxe5 Nxe5 4. d4 Qh4+ 5. g3 Qxe4+ 6. Qe2 Qxe2+ 7. Bxe2 Ng6
8. Nf3 Nf6 9. Bc4 h6 10. O-O Be7 11. Ne5 O-O 12. Nxg6 c5 13. Nxf8 Kxf8 14. Be3
b6 15. d5 Bb7 16. Nc3 d6 17. Rae1 a6 18. a3 b5 19. Bb3 c4 20. Ba2 Nxd5 21. Nxd5
Bxd5 22. Re2 Re8 23. Rd1 Bf3 24. Red2 Bxd1 25. Rxd1 g5 26. b3 Rd8 27. bxc4 f6
28. cxb5 axb5 29. Rf1 Kg7 30. Be6 h5 31. Bb6 Rf8 32. Rf5 Kg6 33. Be3 Ra8 34.
Bc1 Ra4 35. Rxb5 Re4 36. Bf5+ 1-0

[Event "41. Offene Stadtmeisterschaft"]
[Site "Bergisch Gladbach"]
[Date "2019.09.27"]
[Round "5.1"]
[White "Ljuboschiz, Alexander"]
[Black "Eilers, Jochen"]
[Result "1/2-1/2"]
[WhiteElo "1928"]
[BlackElo "2003"]
[PlyCount "31"]
[EventDate "2020.??.??"]
[EventRounds "7"]

1. e4 c5 2. Nf3 g6 3. d4 cxd4 4. Nxd4 Bg7 5. Nc3 Nc6 6. Nb3 Nf6 7. Be2 O-O 8.
O-O d6 9. Bg5 a6 10. Re1 Be6 11. Bf1 Re8 12. Nd5 Rc8 13. Qd2 Bxd5 14. exd5 Ne5
15. c3 Nc4 16. Bxc4 1/2-1/2

[Event "41. Offene Stadtmeisterschaft"]
[Site "Bergisch Gladbach"]
[Date "2019.09.27"]
[Round "5.3"]
[White "Gutt, Oswald"]
[Black "Winckler, Andreas"]
[Result "1/2-1/2"]
[WhiteElo "1882"]
[BlackElo "1759"]
[PlyCount "71"]
[EventDate "2020.??.??"]
[EventRounds "7"]

1. e4 c5 2. Nf3 Nc6 3. d4 cxd4 4. Nxd4 d6 5. Nc3 Nf6 6. Be2 e5 7. Nb3 Be7 8.
Bg5 Be6 9. O-O O-O 10. Re1 a6 11. Bf1 b5 12. a3 Na5 13. Nxa5 Qxa5 14. Qd2 Rfd8
15. Nd5 Qxd2 16. Nxe7+ Kf8 17. Bxd2 Kxe7 18. Bc3 Rac8 19. Ba5 Rd7 20. Bd3 Bc4
21. Rac1 Bxd3 22. cxd3 Rxc1 23. Rxc1 d5 24. f3 dxe4 25. dxe4 Ne8 26. Rc6 Ra7
27. Kf2 f6 28. g3 Kd7 29. Rc5 Nd6 30. Rd5 Ke6 31. b3 Rd7 32. Ke3 Nb7 33. Rxd7
Kxd7 34. Bb4 Ke6 35. f4 g6 36. fxe5 1/2-1/2

[Event "41. Offene Stadtmeisterschaft"]
[Site "Bergisch Gladbach"]
[Date "2019.09.27"]
[Round "5.4"]
[White "Behle, Burkhard"]
[Black "Türkkan, Nuh"]
[Result "1/2-1/2"]
[WhiteElo "1758"]
[BlackElo "1812"]
[PlyCount "96"]
[EventDate "2020.??.??"]
[EventRounds "7"]

1. e4 c5 2. Nc3 Nc6 3. g3 g6 4. Bg2 Bg7 5. d3 e6 6. Be3 b6 7. Qd2 d5 8. exd5
exd5 9. Bxd5 Nge7 10. Bg2 Bb7 11. O-O-O Nf5 12. Bf4 O-O 13. h4 h5 14. Nh3 Qd4
15. Rde1 b5 16. Ng5 Na5 17. Bxb7 Nxb7 18. Nf3 Qb4 19. Ne5 Qa5 20. Kb1 c4 21.
dxc4 Rfd8 22. Nc6 Rxd2 23. Nxa5 Nxa5 24. Bxd2 Nxc4 25. Bc1 a6 26. Nd5 Kf8 27.
b3 Rb8 28. a3 Ne5 29. Bb2 Nf3 30. Bxg7+ Kxg7 31. Rd1 Re8 32. Nf4 Rc8 33. Kb2 a5
34. Rd3 Ne5 35. Rd5 Ng4 36. Rxb5 Nd4 37. Rd5 Rxc2+ 38. Kb1 Rd2 39. Re1 Nxb3 40.
Rxd2 Nxd2+ 41. Kc2 Nf3 42. Re3 Nxe3+ 43. fxe3 Kf6 44. Kd3 Ne5+ 45. Kd4 Nd7 46.
e4 Ne5 47. Kd5 Nf3 48. Nd3 Nd2 1/2-1/2

[Event "41. Offene Stadtmeisterschaft"]
[Site "Bergisch Gladbach"]
[Date "2019.09.27"]
[Round "5.5"]
[White "Nichte, Philipp"]
[Black "Themm, Rainer"]
[Result "1/2-1/2"]
[WhiteElo "1746"]
[BlackElo "1836"]
[PlyCount "93"]
[EventDate "2020.??.??"]
[EventRounds "7"]

1. e4 c5 2. Nf3 Nc6 3. Bb5 a6 4. Bxc6 dxc6 5. h3 Qc7 6. d4 cxd4 7. Qxd4 c5 8.
Qd3 Bd7 9. Nc3 e6 10. O-O Ne7 11. Re1 Ng6 12. Bg5 h6 13. Be3 Rd8 14. Rad1 Be7
15. Qd2 Bc6 16. Qc1 O-O 17. Nh2 Rxd1 18. Qxd1 b6 19. Qh5 Qe5 20. Qxe5 Nxe5 21.
Bc1 Rd8 22. f4 Bh4 23. Rf1 Nc4 24. Nf3 Bf6 25. e5 Be7 26. b3 Na5 27. Kf2 b5 28.
Rd1 b4 29. Rxd8+ Bxd8 30. Ne2 Nb7 31. Ke3 a5 32. g4 a4 33. bxa4 Bxa4 34. c3 b3
35. axb3 Bxb3 36. Nd2 Bd5 37. Ne4 Bb6 38. Ba3 Kf8 39. h4 Ke8 40. h5 f5 41. exf6
Bxe4 42. Kxe4 gxf6 43. c4 Bd8 44. Bc1 Kf7 45. Kd3 Be7 46. Be3 Bf8 47. Ng3
1/2-1/2

[Event "41. Offene Stadtmeisterschaft"]
[Site "Bergisch Gladbach"]
[Date "2019.09.27"]
[Round "5.6"]
[White "Mann, Günter"]
[Black "Schäde, Maximilian"]
[Result "1/2-1/2"]
[WhiteElo "1728"]
[BlackElo "1769"]
[PlyCount "33"]
[EventDate "2020.??.??"]
[EventRounds "7"]

1. e4 c5 2. Nf3 d6 3. d4 cxd4 4. Nxd4 Nf6 5. Nc3 a6 6. a4 e5 7. Nb3 Be6 8. Bd3
Be7 9. O-O O-O 10. h3 Nbd7 11. Be3 Nc5 12. Nxc5 dxc5 13. Qe2 Qc7 14. b3 Rac8
15. Bc4 Qc6 16. f3 Nh5 17. Bd5 1/2-1/2

[Event "41. Offene Stadtmeisterschaft"]
[Site "Bergisch Gladbach"]
[Date "2019.09.27"]
[Round "5.9"]
[White "Rohleder, Traugott"]
[Black "Nölle, Michael"]
[Result "1-0"]
[WhiteElo "1655"]
[BlackElo "1496"]
[PlyCount "47"]
[EventDate "2020.??.??"]
[EventRounds "7"]

1. c4 e5 2. Nc3 Bc5 3. Nf3 d6 4. g3 Nf6 5. Bg2 e4 6. Ng5 Ng4 7. Ngxe4 Bb6 8. d4
f5 9. Ng5 h6 10. Nf3 O-O 11. b4 Qf6 12. h3 Nxf2 13. Kxf2 Nc6 14. Nd5 Qe6 15.
Nxb6 axb6 16. d5 Qf6 17. dxc6 Qxa1 18. Qd5+ Kh8 19. cxb7 Bxb7 20. Qxb7 Rxa2 21.
Bd2 Qb2 22. Qxc7 f4 23. g4 Re8 24. Re1 1-0

[Event "41. Offene Stadtmeisterschaft"]
[Site "Bergisch Gladbach"]
[Date "2019.09.27"]
[Round "5.10"]
[White "Gnass, Arno"]
[Black "Schüers, Christian"]
[Result "1/2-1/2"]
[WhiteElo "1594"]
[BlackElo "1482"]
[PlyCount "146"]
[EventDate "2020.??.??"]
[EventRounds "7"]

1. e4 d6 2. Nf3 g6 3. d4 Bg7 4. Be3 Nf6 5. Bd3 Nbd7 6. h3 c5 7. Qc1 O-O 8. Bh6
Qa5+ 9. c3 cxd4 10. Nxd4 Qh5 11. Bxg7 Kxg7 12. Nd2 Ne5 13. Be2 Qh6 14. Nc2 Be6
15. Qd1 Rac8 16. Ne3 Kg8 17. O-O Bd7 18. f4 Nc6 19. Ng4 Nxg4 20. Bxg4 f5 21.
exf5 Bxf5 22. Qf3 Rc7 23. Ne4 Bxe4 24. Qxe4 Qg7 25. Rae1 Qf6 26. Qe6+ Qxe6 27.
Bxe6+ Kg7 28. g4 Rf6 29. g5 Rf8 30. Re3 Nd8 31. Bg4 Rf7 32. Kg2 b6 33. Kg3 Nc6
34. h4 e5 35. h5 exf4+ 36. Rxf4 Rxf4 37. h6+ Kf8 38. Kxf4 Ne5 39. Be6 Re7 40.
Bb3 Rc7 41. Ke4 Rc5 42. Re1 Nf7 43. Rf1 Re5+ 44. Kd4 Rf5 45. Rxf5 gxf5 46. Bc2
Nxg5 47. Bxf5 Ke7 48. a4 Nf7 49. Kd5 Nxh6 50. Bxh7 Kd7 51. Bg6 Kc7 52. b4 Ng4
53. b5 Nf6+ 54. Ke6 Nd7 55. Bc2 Nc5+ 56. Ke7 Nd7 57. Ke6 Nc5+ 58. Kd5 Nb7 59.
Kc4 Nc5 60. Kb4 Nb7 61. Be4 Nc5 62. Bg6 Nd7 63. Be8 Nc5 64. Bc6 Nd3+ 65. Kc4
Ne5+ 66. Kd5 Nd3 67. a5 Ne5 68. a6 Ng6 69. Be8 Nf4+ 70. Ke4 Ne6 71. c4 Nc5+ 72.
Kd5 Nb3 73. Bg6 Nc5 1/2-1/2

[Event "41. Offene Stadtmeisterschaft"]
[Site "Bergisch Gladbach"]
[Date "2019.09.27"]
[Round "5.11"]
[White "Shelukie, Magd"]
[Black "Hoferichter, Michael"]
[Result "1/2-1/2"]
[WhiteElo "1527"]
[BlackElo "1453"]
[PlyCount "52"]
[EventDate "2020.??.??"]
[EventRounds "7"]

1. e4 c6 2. d4 d5 3. Nc3 dxe4 4. Nxe4 Nd7 5. f4 Ngf6 6. Bd3 Nxe4 7. Bxe4 Nf6 8.
Bf3 Bf5 9. Ne2 e6 10. Ng3 Bg6 11. Be3 Bd6 12. O-O O-O 13. c4 Qc7 14. Qd2 Rfd8
15. Rac1 c5 16. d5 exd5 17. cxd5 h6 18. b4 b6 19. Qf2 c4 20. b5 Rac8 21. Be2 c3
22. f5 Bh7 23. Bf3 Bxg3 24. hxg3 Bxf5 25. Bf4 Qc5 26. Qxc5 Rxc5 1/2-1/2

[Event "41. Offene Stadtmeisterschaft"]
[Site "Bergisch Gladbach"]
[Date "2019.09.27"]
[Round "5.12"]
[White "Bosbach, Manfred"]
[Black "Wilde, Christian"]
[Result "1-0"]
[WhiteElo "1718"]
[BlackElo "1177"]
[PlyCount "105"]
[EventDate "2020.??.??"]
[EventRounds "7"]

1. e4 c5 2. Nf3 Nc6 3. d4 cxd4 4. Nxd4 e5 5. Nb3 Nf6 6. f3 d5 7. exd5 Qxd5 8.
Qxd5 Nxd5 9. c3 Be7 10. Bc4 Nf6 11. O-O a6 12. a4 a5 13. Be3 O-O 14. N1d2 Bf5
15. Bb6 Bd8 16. Bc5 Be7 17. Rfe1 Bxc5+ 18. Nxc5 b6 19. Nce4 Bxe4 20. Nxe4 Nxe4
21. Rxe4 Rad8 22. Rae1 Kh8 23. Bb5 f5 24. R4e2 Na7 25. Rxe5 Nxb5 26. Rxb5 Rb8
27. Re6 Rf6 28. Rxf6 gxf6 29. Rxf5 Kg7 30. Rb5 Kf7 31. Kf2 h6 32. b4 Rc8 33.
Rxb6 Rxc3 34. bxa5 Rc5 35. a6 Ra5 36. g4 Rxa4 37. Rb7+ Kg6 38. a7 Kg5 39. Kg3
h5 40. Rb5+ Kg6 41. gxh5+ Kh6 42. f4 Rxa7 43. Kg4 Rg7+ 44. Kf5 Kxh5 45. Rb8 Rh7
46. Rb3 Kh4 47. Kg6 Rh5 48. Rh3+ Kxh3 49. Kxh5 Kxh2 50. f5 Kg3 51. Kg6 Kg4 52.
Kxf6 Kh5 53. Kg7 1-0

[Event "41. Offene Stadtmeisterschaft"]
[Site "Bergisch Gladbach"]
[Date "2019.09.27"]
[Round "5.13"]
[White "Stuch, Hans-Ferdinand"]
[Black "Roder, Stephan"]
[Result "1-0"]
[WhiteElo "1519"]
[BlackElo "1437"]
[PlyCount "77"]
[EventDate "2020.??.??"]
[EventRounds "7"]

1. d4 Nf6 2. Nf3 g6 3. e3 Bg7 4. Nbd2 d6 5. Bd3 O-O 6. O-O Nc6 7. c3 Bg4 8. h3
Bd7 9. e4 e5 10. dxe5 dxe5 11. Nc4 Nh5 12. Bg5 f6 13. Bc1 b5 14. Ne3 Ne7 15.
Bxb5 Bxb5 16. Qb3+ Kh8 17. Qxb5 Nf4 18. Rd1 Qc8 19. Qf1 Qb7 20. g3 Nh5 21. Nd5
Nxd5 22. Rxd5 f5 23. Qd3 Nf6 24. Qb5 Qc8 25. Rxe5 Nxe4 26. Re7 Bf6 27. Rd7 c6
28. Qb7 Qxb7 29. Rxb7 c5 30. Bf4 Kg8 31. Rd1 g5 32. Be5 Bxe5 33. Nxe5 Rfd8 34.
Rdd7 Nf6 35. Rg7+ Kh8 36. Rgf7 Rf8 37. Rxf8+ Rxf8 38. Rxa7 h6 39. Ng6+ 1-0

[Event "41. Offene Stadtmeisterschaft"]
[Site "Bergisch Gladbach"]
[Date "2019.09.27"]
[Round "5.15"]
[White "Barek, Gabriel"]
[Black "Nölle, Lisa"]
[Result "1-0"]
[WhiteElo "948"]
[BlackElo "1274"]
[PlyCount "57"]
[EventDate "2020.??.??"]
[EventRounds "7"]

1. e4 d6 2. Nc3 Nf6 3. Bc4 Nbd7 4. d3 h6 5. Qf3 Ne5 6. Qf4 e6 7. Bb3 Be7 8. Qg3
Ng6 9. Bf4 Nh5 10. Qf3 Nhxf4 11. g3 Nxd3+ 12. cxd3 c6 13. O-O-O Qc7 14. Nh3 d5
15. Qh5 a5 16. a3 Qb6 17. Ba4 d4 18. Ne2 e5 19. f4 Qc5+ 20. Kb1 exf4 21. Nhxf4
Nxf4 22. Nxf4 Qxh5 23. Nxh5 Bg4 24. Nxg7+ Kf8 25. Nf5 Bxd1 26. Rxd1 b5 27. Bb3
c5 28. Bd5 h5 29. Bxa8 1-0

[Event "41. Offene Stadtmeisterschaft"]
[Site "Bergisch Gladbach"]
[Date "2019.09.27"]
[Round "5.17"]
[White "Blüggel, Theodor"]
[Black "Bosbach, Katja"]
[Result "1-0"]
[WhiteElo "926"]
[BlackElo "801"]
[PlyCount "135"]
[EventDate "2020.??.??"]
[EventRounds "7"]

1. d4 d5 2. c4 e6 3. Nc3 Nf6 4. b3 Bb4 5. Bd2 O-O 6. f3 c6 7. e3 Nbd7 8. Bd3
Qa5 9. Nge2 c5 10. Na4 cxd4 11. Nxd4 Bc5 12. Bxa5 b6 13. Bc3 Bb7 14. Nxc5 bxc5
15. Ne2 Nb6 16. O-O Rfc8 17. Bxf6 gxf6 18. Qc2 f5 19. Nf4 Re8 20. Nh5 Re7 21.
g4 Nd7 22. gxf5 exf5 23. Rae1 Re5 24. Bxf5 Rxf5 25. Qxf5 Nf8 26. Nf6+ Kh8 27.
Qxh7+ Nxh7 28. Nxh7 Kxh7 29. h4 Kg6 30. Rf2 Rh8 31. Rh2 Kh5 32. e4 Rg8+ 33. Kf2
Re8 34. e5 d4 35. f4 Kg4 36. h5 Bc8 37. h6 Rh8 38. Rg1+ Kxf4 39. Rg7 Be6 40. h7
Kxe5 41. Rg8 Rxh7 42. Rxh7 f5 43. Re8 d3 44. Ke1 f4 45. Rxa7 f3 46. Kd2 f2 47.
Rf8 Bf5 48. Rxf5+ Kxf5 49. Rf7+ Ke4 50. Rxf2 Kd4 51. a4 Ke4 52. Rf8 Kd4 53.
Rd8+ Ke4 54. Rxd3 Ke5 55. Rd5+ Ke6 56. Rxc5 Kd6 57. b4 Ke6 58. Rh5 Kd6 59. a5
Kc6 60. b5+ Kb7 61. Rh6 Ka7 62. c5 Kb7 63. a6+ Ka7 64. Rh7+ Kb8 65. b6 Kc8 66.
c6 Kd8 67. a7 Kc8 68. a8=Q# 1-0

[Event "41. Offene Stadtmeisterschaft"]
[Site "Bergisch Gladbach"]
[Date "2019.10.04"]
[Round "6.2"]
[White "Bosbach, Volker"]
[Black "Ljuboschiz, Alexander"]
[Result "0-1"]
[WhiteElo "1669"]
[BlackElo "1928"]
[PlyCount "100"]
[EventDate "2020.??.??"]
[EventRounds "7"]

1. d4 d6 2. Bf4 Nf6 3. Nf3 g6 4. Nbd2 Bg7 5. c3 O-O 6. e4 Nbd7 7. Bd3 e5 8. Be3
Ng4 9. Bg5 f6 10. Bc4+ Kh8 11. Bh4 Qe8 12. h3 Nh6 13. O-O Nb6 14. Qb3 Nxc4 15.
Qxc4 Qf7 16. Rae1 Be6 17. d5 Bc8 18. Nh2 g5 19. Bg3 f5 20. f3 f4 21. Bf2 Ng8
22. Kh1 h5 23. Qe2 Nf6 24. c4 b6 25. b4 a5 26. b5 Qg6 27. a4 Bd7 28. Rg1 g4 29.
fxg4 hxg4 30. Bh4 gxh3 31. gxh3 Qh6 32. Qg2 Rg8 33. Nhf3 Nh7 34. Qg6 Bxh3 35.
Kh2 Qxg6 36. Rxg6 Bd7 37. Reg1 Raf8 38. R1g2 Bf6 39. Bxf6+ Nxf6 40. Rh6+ Nh7
41. Ng5 Rg7 42. Ndf3 Rf6 43. Rxh7+ Rxh7+ 44. Nxh7 Kxh7 45. Kg1 Rg6 46. Nh2 Bh3
47. Rxg6 Kxg6 48. Kf2 Kh5 49. Kf3 Kh4 50. Kf2 Bg4 0-1

[Event "41. Offene Stadtmeisterschaft"]
[Site "Bergisch Gladbach"]
[Date "2019.10.04"]
[Round "6.3"]
[White "Kuhn, Andreas"]
[Black "Behle, Burkhard"]
[Result "1-0"]
[WhiteElo "1920"]
[BlackElo "1758"]
[PlyCount "113"]
[EventDate "2020.??.??"]
[EventRounds "7"]

1. Nf3 Nf6 2. g3 d5 3. Bg2 e6 4. O-O Be7 5. d3 O-O 6. Nbd2 c5 7. e4 Nc6 8. Re1
Qc7 9. h4 Re8 10. Nf1 dxe4 11. dxe4 e5 12. Ne3 Be6 13. Nd5 Nxd5 14. exd5 Rad8
15. c4 Bg4 16. Qa4 Nd4 17. Nxd4 cxd4 18. Bd2 Bd7 19. Qxa7 Ra8 20. d6 Bxd6 21.
Qxb7 Qxb7 22. Bxb7 Rab8 23. Bd5 Rxb2 24. Bc1 Rbb8 25. a4 Bb4 26. Rd1 Bc3 27.
Ra2 Bf5 28. Bd2 Bb1 29. Ra3 Bb2 30. Rf3 Bg6 31. Re1 Bh5 32. Rf5 Bg6 33. Rfxe5
Rxe5 34. Rxe5 d3 35. Re7 Bd4 36. Rb7 Rxb7 37. Bxb7 Kf8 38. Kg2 Ke7 39. Bb4+ Kd8
40. Kf3 f5 41. a5 Kc7 42. Bd5 Be8 43. Bd2 Ba4 44. Bf4+ Kc8 45. a6 Bd1+ 46. Kg2
Ba7 47. Kf1 Be2+ 48. Ke1 Bd4 49. Be6+ Kd8 50. Bxf5 g6 51. Be4 Bc3+ 52. Bd2 Bd4
53. Bb4 Kc7 54. c5 Kb8 55. c6 Ka7 56. c7 Bg4 57. Bb7 1-0

[Event "41. Offene Stadtmeisterschaft"]
[Site "Bergisch Gladbach"]
[Date "2019.10.04"]
[Round "6.4"]
[White "Winckler, Andreas"]
[Black "Türkkan, Nuh"]
[Result "0-1"]
[WhiteElo "1759"]
[BlackElo "1812"]
[PlyCount "110"]
[EventDate "2020.??.??"]
[EventRounds "7"]

1. b4 d5 2. Bb2 Bf5 3. Nf3 h6 4. e3 e6 5. Be2 Nf6 6. b5 Bd6 7. O-O O-O 8. c4
Nbd7 9. d4 dxc4 10. Nbd2 c3 11. Bxc3 Nd5 12. Bb2 N7f6 13. Nc4 Ne4 14. Nxd6 cxd6
15. Rc1 Qa5 16. Qb3 a6 17. a4 Rfc8 18. Rfd1 Ndc3 19. Re1 Qxa4 20. Qxa4 Nxa4 21.
bxa6 bxa6 22. Ba1 Nec3 23. Bxc3 Nxc3 24. Ra1 a5 25. Bf1 a4 26. Nd2 d5 27. f3
Rcb8 28. e4 Rb2 29. exf5 Rxd2 30. fxe6 fxe6 31. Rxe6 Rxd4 32. Re3 Nd1 33. Rea3
Nb2 34. Kf2 Rb4 35. Ke3 Kf7 36. R1a2 Nc4+ 37. Bxc4 Rxc4 38. g3 Ke6 39. Rd3 Rb8
40. Rda3 Rb3+ 41. Kd2 Rxa3 42. Rxa3 Kd6 43. Re3 Rb4 44. Ra3 Kc5 45. f4 d4 46.
g4 Kb5 47. h4 Rb2+ 48. Ke1 Rb3 49. Ra2 a3 50. g5 hxg5 51. hxg5 Kb4 52. f5 Rf3
53. f6 gxf6 54. Ke2 Re3+ 55. Kf2 fxg5 0-1

[Event "41. Offene Stadtmeisterschaft"]
[Site "Bergisch Gladbach"]
[Date "2019.10.04"]
[Round "6.6"]
[White "Themm, Rainer"]
[Black "Mann, Günter"]
[Result "1-0"]
[WhiteElo "1836"]
[BlackElo "1728"]
[PlyCount "115"]
[EventDate "2020.??.??"]
[EventRounds "7"]

1. c4 f5 2. Nc3 Nf6 3. d4 d5 4. e3 e6 5. Nf3 Nbd7 6. Bd3 c6 7. c5 Be7 8. Ng5
Nf8 9. f4 h6 10. Nf3 Ng6 11. Ne5 Nxe5 12. fxe5 Ng4 13. Ne2 Bg5 14. Nf4 Bxf4 15.
exf4 h5 16. Qe2 g6 17. Bd2 Bd7 18. O-O-O b5 19. h3 Nh6 20. g4 hxg4 21. hxg4 Kf7
22. gxf5 Nxf5 23. Qg2 Rxh1 24. Rxh1 Qg8 25. Qg5 Qg7 26. Rg1 Rg8 27. Be1 Qh8 28.
Bf2 a5 29. b3 Qg7 30. a4 b4 31. Bxf5 exf5 32. Bh4 Re8 33. Qg2 Rc8 34. Bg5 Be6
35. Kd2 Rg8 36. Ke3 Ke8 37. Bf6 Qd7 38. Rh1 Bf7 39. Rh7 Rf8 40. Qh2 Qe6 41. Qh6
Rg8 42. Qh1 Qd7 43. Qf1 Qc8 44. Qe2 Kf8 45. Qh2 Qe6 46. Rh8 Ke8 47. Rh6 Qd7 48.
Qe2 Qc8 49. Kd2 Kf8 50. Rh3 Be6 51. Re3 Qb7 52. Qh2 Ke8 53. Qh4 Qd7 54. Rh3 Kf8
55. Bd8 Qa7 56. Bb6 Qa8 57. Qf6+ Bf7 58. Rh7 1-0

[Event "41. Offene Stadtmeisterschaft"]
[Site "Bergisch Gladbach"]
[Date "2019.10.04"]
[Round "6.7"]
[White "König, Linus"]
[Black "Nichte, Philipp"]
[Result "1-0"]
[WhiteElo "1706"]
[BlackElo "1746"]
[PlyCount "41"]
[EventDate "2020.??.??"]
[EventRounds "7"]

1. d4 Nf6 2. Nf3 d5 3. e3 e6 4. Bd3 c5 5. b3 Nc6 6. Bb2 Be7 7. O-O Qc7 8. c4
O-O 9. Nbd2 cxd4 10. Nxd4 Nxd4 11. Bxd4 e5 12. Bb2 e4 13. Be2 dxc4 14. Nxc4 b5
15. Nd2 Bd7 16. Rc1 Qb7 17. Bxf6 Bxf6 18. Nxe4 Qxe4 19. Qxd7 Qb4 20. Qxb5 Qd2
21. Bf3 1-0